Nr. 1-Hit oder nicht? - Deutsche Künstler - Statistiken

Allgemein
  • Dieses Quiz wurde 766 mal gespielt
    401 seit der letzten Aktualisierung
  • Das Durchschnittsergebnis liegt bei 17 aus 25
Antwortstatistiken
Frage Antwort % Korrekt
Modern Talking Ja
95%
Helene Fischer Ja
91%
Nena Ja
89%
Herbert Grönemeyer Ja
88%
Die Ärzte Ja
88%
Die Toten Hosen Ja
82%
Mark Forster Ja
78%
James Last Nein
78%
BAP Nein
77%
Rolf Zuckowski Nein
77%
Sarah Connor Ja
76%
Robin Schulz Ja
73%
Andrea Berg Nein
68%
Sido Ja
66%
Rammstein Ja
64%
Milky Chance Nein
62%
Peter Maffay Ja
61%
Die Flippers Nein
61%
Marius Müller-Westernhagen Nein
61%
Felix Jaehn Ja
59%
Xavier Naidoo Ja
59%
Pur Ja
57%
Bausa Ja
54%
Unheilig Nein
42%
Wolfgang Petry Nein
35%
Keine übereinstimmenden Quizze gefunden
Verteilung der Resultate
Anzahl Personen mit jedem Resultat
Perzentil nach korrekt beantworteten Fragen
Ihre Resultats-Entwicklung
Sie haben dieses Quiz seit der letzten Aktualisierung nicht gespielt